LEADER 01061nam0-22003251i-450- 001 990001862740403321 005 20090209145143.0 035 $a000186274 035 $aFED01000186274 035 $a(Aleph)000186274FED01 035 $a000186274 100 $a20030910d1963----km-y0itay50------ba 101 0 $aita 102 $aIT 105 $ay-------001yy 200 1 $a<>impollinazione incrociata del nocciuolo Tonda gentile delle Langhe$e1. contributo$fP. Romisondo 210 $aFirenze$c[s.n.]$d1963 215 $a16 p.$d24 cm 225 1 $aRaccolta di memorie$fUniversità degli studi di Torino. Facoltà di scienze agrarie$v367 300 $aEstr. da: Rivista dell'ortoflorofrutticoltura italiana, n. 3,1963 610 0 $aCorylus 676 $a634.54 700 1$aRomisondo,$bPiero$076209 801 0$aIT$bUNINA$gRICA$2UNIMARC 901 $aBK 912 $a990001862740403321 952 $a60 MISC. B 131/367$fFAGBC 959 $aFAGBC 996 $aImpollinazione incrociata del nocciuolo Tonda gentile delle Langhe$9401812 997 $aUNINA LEADER 03333 am 2200481 n 450 001 9910495949903321 005 20240104030436.0 010 $a2-7535-6067-6 024 7 $a10.4000/books.pur.88168 035 $a(CKB)4100000008351111 035 $a(FrMaCLE)OB-pur-88168 035 $a(PPN)26795820X 035 $a(EXLCZ)994100000008351111 100 $a20190603j|||||||| ||| 0 101 0 $afre 135 $auu||||||m|||| 200 00$aBreiz Atao !$eMordrel, Delaporte, Lainé, Fouéré : une mystique nationale (1901-1948)$fSébastien Carney 210 $aRennes$cPresses universitaires de Rennes$d2019 215 $a1 online resource (640 p.) 311 $a2-7535-4289-9 330 $aFigures emblématiques et controversées du mouvement breton, Mordrel, Delaporte, Lainé et Fouéré font partie de ces intellectuels qui, trop jeunes pour être appelés au combat, et ayant nourri le sentiment d'être les injustes survivants de 14-18, ont reporté sur la cause nationale l'ardeur de leur génération inutile. En ce sens, le nationalisme breton de l'entre-deux-guerres est la Grande Guerre continuée au prix de sa transfiguration. Ce combat s'est inscrit très tôt dans un horizon international mais, faute d'écho du côté des Irlandais, des Écossais et des Gallois, le panceltisme a tourné court, au profit de relations plus fructueuses avec des interlocuteurs flamands, corses, alsaciens ou allemands. En croisant les itinéraires de ces acteurs majeurs de la scène bretonne, on s'aperçoit en effet qu'ils participent de la nébuleuse non-conformiste qui se forme en Europe à la fin des années 1920. La mystique nationale de Breiz Atao rejoint donc, à bien des égards, celle des autres « relèves » qui s'expriment à la même époque et qui développent, sous des formes diverses, le projet d'une révolution conservatrice. Mais elle est aussi, par certains aspects, la projection des angoisses ou des ambitions personnelles de ses dirigeants. Idéologie, pragmatisme ou concours de circonstances amènent ceux-ci à entretenir une alliance avec l'occupant entre 1940 et 1944, chacun à sa façon et pas tous au même degré. Même s'ils en ont obtenu bien moins que ce qu'ils espéraient, cet engagement est ce dans quoi, par la suite, on les a trop souvent enfermés. Or, on ne comprendra rien à Mordrel, Delaporte, Lainé ou Fouéré, tant qu'on s'obstinera à n'en faire que des « collabos ». L'histoire du mouvement breton ne se réduit pas à des épisodes spectaculaires et dramatiques de la Seconde Guerre mondiale : ceux-ci ne furent que la mise en application d'idées énoncées bien avant, partout en Europe, et adaptées à la Bretagne par quelques personnalités hors norme. 606 $aHistory 606 $aInternational Relations 606 $aBretagne 606 $anationalisme 606 $aMordrel 606 $aDelaporte 606 $aLainé 606 $aFouéré 615 4$aHistory 615 4$aInternational Relations 615 4$aBretagne 615 4$anationalisme 615 4$aMordrel 615 4$aDelaporte 615 4$aLainé 615 4$aFouéré 700 $aCarney$b Sébastien$01456134 801 0$bFR-FrMaCLE 906 $aBOOK 912 $a9910495949903321 996 $aBreiz Atao $93657553 997 $aUNINA LEADER 02974nam 2200817 a 450 001 9910955183403321 005 20251116173241.0 010 $a1-134-20079-X 010 $a0-415-36991-6 010 $a1-134-20080-3 010 $a1-280-07799-9 010 $a0-203-64418-2 024 7 $a10.4324/9780203644188 035 $a(CKB)1000000000254343 035 $a(EBL)200792 035 $a(OCoLC)475912280 035 $a(SSID)ssj0000289071 035 $a(PQKBManifestationID)11242728 035 $a(PQKBTitleCode)TC0000289071 035 $a(PQKBWorkID)10386013 035 $a(PQKB)11061109 035 $a(MiAaPQ)EBC200792 035 $a(Au-PeEL)EBL200792 035 $a(CaPaEBR)ebr10161544 035 $a(CaONFJC)MIL7799 035 $a(OCoLC)56557940 035 $a(EXLCZ)991000000000254343 100 $a20031203d2004 uy 0 101 0 $aeng 135 $aur|n|---||||| 181 $ctxt 182 $cc 183 $acr 200 14$aThe archaeology of the colonized /$fMichael Given 210 $aLondon ;$aNew York $cRoutledge$d2004 215 $a1 online resource (200 p.) 300 $aDescription based upon print version of record. 311 08$a0-203-69410-4 311 08$a0-415-36992-4 320 $aIncludes bibliographical references (p. 167-184) and index. 327 $aBOOK COVER; TITLE; COPYRIGHT; CONTENTS; ILLUSTRATIONS; ACKNOWLEDGEMENTS; 1 INTRODUCTION; 2 RESISTANCE ? AGENCY ? LANDSCAPE ? NARRATIVE; 3 THE ARCHAEOLOGY OF TAXATION; 4 THE SETTLEMENT OF EMPIRE; 5 LIVING BETWEEN LINES; 6 THE DOMINATED BODY; 7 THE PATRON SAINT OF TAX EVADERS; 8 LANDSCAPES OF RESISTANCE; 9 CONCLUSION; BIBLIOGRAPHY; INDEX; 330 $aThis book investigates the experience of the colonized in their landscape setting, and proposes an 'archaeology of taxation' to investigate the relationship between local community and central control. 606 $aArchaeology and history 606 $aSocial archaeology 606 $aColonies$xHistory 606 $aColonization$xSocial aspects$xHistory 606 $aLandscape archaeology 606 $aTaxation$xSocial aspects$xHistory 606 $aEconomic anthropology 606 $aPeasants$xHistory 606 $aWorking class$xHistory 606 $aSocial control$xHistory 615 0$aArchaeology and history. 615 0$aSocial archaeology. 615 0$aColonies$xHistory. 615 0$aColonization$xSocial aspects$xHistory. 615 0$aLandscape archaeology. 615 0$aTaxation$xSocial aspects$xHistory. 615 0$aEconomic anthropology. 615 0$aPeasants$xHistory. 615 0$aWorking class$xHistory. 615 0$aSocial control$xHistory. 676 $a336.2/009171/9 700 $aGiven$b Michael$f1965-$01179311 801 0$bMiAaPQ 801 1$bMiAaPQ 801 2$bMiAaPQ 906 $aBOOK 912 $a9910955183403321 996 $aThe archaeology of the colonized$94486663 997 $aUNINA